00531 2200205 4500001002100000005001500021035002000036007000300056008004100059020001800100082001200118084001800130100002100148245004200169260002700211300003700238650002400275700001700299990000900316INLIS00000000000668520210301123051 a0010-0321000055ta210301 g 0 ind  a9786028081122 a297.617 a297.617 HAS t0 aHasan Bamu'aibid1 aTertawa Itu Sehat /cHasan Bamu'aibid aSolo :bMumtaza,c2009 axii, 104 hlm. ;c20,3 cm x 13 cm 4aIslam dan kesehatan0 aAmir Ghozali a3532